| 000 | 00420nam a2200157Ia 4500 | ||
|---|---|---|---|
| 005 | 20250415143404.0 | ||
| 008 | 231217s9999 xx 000 0 und d | ||
| 020 | _a9788174465283 | ||
| 082 | _a001.42 NAN;1 R | ||
| 100 | _aNandagopal, R. Rajan, Arun K. Vivek, N. | ||
| 245 | 0 | _aResearch methods in business | |
| 260 |
_c2007 _bExcel Books _aNew Delhi |
||
| 300 | _a209 | ||
| 400 | _aPSG excel series | ||
| 942 | _cAA | ||
| 999 |
_c183461 _d183461 |
||